Schimanski, Kuzorra und andere. - Essen : Klartext-Verl.. - 2005 [Rezension]
| Titel: | Schimanski, Kuzorra und andere. - Essen : Klartext-Verl.. - 2005 [Rezension] |
|---|---|
| Verfasser: | |
| In: |
Zapiski historyczne, Band 72, Heft 1 (2007), Seite 203-207 alle Artikel anzeigen |
| Veröffentlicht: | 2007 |
| Format: | Aufsatz |
| Sprache: | Deutsch |
X
alg: 39509921
001A $01999:12-11-16
001B $01999:04-08-21 $t21:04:43.000
001D $01999:12-11-16
001U $0utf8
001X $00
002@ $0Aox
003@ $0395099218
007A $0395099218 $aHEB
007T $0Herda24734h
010@ $ager
011@ $a2007
021A $aSchimanski, Kuzorra und andere. - Essen : Klartext-Verl.. - 2005 [Rezension]
028A $aWierzchosławski $dSzczepan
031A $d72 $e1 $h203-207 $j2007
039B $aIn $8--Abvc--. Zapiski historyczne. - Toruń {[u.a.] : TNT, 1956-. - ISSN 0044-1791 $x200700000720001797 $904810552X
039T $8--Aau--. Schimanski, Kuzorra und andere. - 1. Aufl.. - Essen : Klartext-Verl., 2005. - 302 S.. - ISBN 3-89861-434-4 $9126326940
045F $a900.9438 $eDDC23BSB
045F/01 $a900
045F/03 $g438
lok: 39509921 78
exp: 39509921 78 1 #EPN
201B/01 $018-11-16 $t13:44:42.000
201U/01 $0utf8
203@/01 $079139784X
208@/01 $a12-11-16 $be
209A/01 $a/ $f000 $x00
244Z/01 $2Trx $#Poola $#Lenkija $#Polija $#Polen Land $#Poland $#Lengyelország $#Poľsko $#Polsko $8--Trx--Polska$gkraj $x01 $9391345966
244Z/01 $2Trx $#arvustused $#recenzijos $#Reviews $#recenziók $#recenzje $#recenzie $#recenze $8--Trx--Rezensionen $x02 $9391357441
247C/01 $82080>Marburg/Lahn, Herder-Institut, Forschungsbibliothek, Bibliographieportal $9336309341
| LEADER | 00000caa a22000002c 4500 | ||
|---|---|---|---|
| 001 | 395099218 | ||
| 003 | DE-603 | ||
| 005 | 20210804210443.0 | ||
| 007 | tu | ||
| 008 | 161112s2007 xx |||| | u00||u|ger c | ||
| 035 | |a (DE-599)HEB395099218 | ||
| 040 | |a DE-603 |b ger |c DE-603 |d DE-603 | ||
| 041 | |a ger | ||
| 082 | 0 | 4 | |8 1\u |a 900.9438 |q DE-101 |2 23/BSB |
| 085 | |8 1\u |b 900 | ||
| 085 | |8 1\u |z 2 |s 438 | ||
| 100 | 1 | |a Wierzchosławski, Szczepan | |
| 245 | 0 | 0 | |a Schimanski, Kuzorra und andere. - Essen : Klartext-Verl.. - 2005 [Rezension] |
| 264 | 0 | |c 2007 | |
| 773 | 0 | 8 | |i In |t Zapiski historyczne |d Toruń [u.a.] : TNT, 1956- |x 0044-1791 |g Band 72, Heft 1 (2007), Seite 203-207 |w (DE-603)04810552X |w (DE-600)860296-7 |
| 787 | 0 | 8 | |i Rezension von |t Schimanski, Kuzorra und andere |b 1. Aufl. |d Essen : Klartext-Verl., 2005 |h 302 S. |z 3898614344 |w (DE-603)126326940 |
| 924 | 0 | |9 2080 |a (DE-603)79139784X |b DE-2080 |c HES |d d |g / | |


